| 000 | 00552nam a2200205Ia 4500 | ||
|---|---|---|---|
| 005 | 20231107111618.0 | ||
| 008 | 131103s9999 xx 000 0 und d | ||
| 020 |
_a8120719352 _cRs.80 |
||
| 040 | _aLoreto College | ||
| 041 | _aEnglish | ||
| 082 |
_a793.73 _bBHA |
||
| 100 | _aBhattacherjee,S.B. | ||
| 245 |
_aCalcutta _b City of jJy _cS.B.Bhattacherjee |
||
| 260 |
_aNew Delhi _bA Sterling Paperback _cc 1997 |
||
| 300 |
_aviii,144 p. _b illus. |
||
| 650 | _aCity of Calcutta | ||
| 651 | _aHistory of Kolkata | ||
| 850 | _aLCLIB | ||
| 942 | _cBK | ||
| 999 |
_c17502 _d67981 |
||